| 000 | 00365nam a22001457a 4500 | ||
|---|---|---|---|
| 005 | 20230710113142.0 | ||
| 008 | 230710b ||||| |||| 00| 0 eng d | ||
| 040 | _cAL | ||
| 041 | _aeng | ||
| 082 |
_223 _a302.072 _bDASP |
||
| 100 |
_aLal Das D K _9126182 |
||
| 245 | _aPractice of social research | ||
| 260 |
_aJaipur _bRawat Publications _c2000 |
||
| 942 |
_2ddc _cBK |
||
| 999 |
_c227786 _d227786 |
||